Where's My Package? Stateside! Quiz Stats

Quiz Updated Oct 20, 2016

Challenge
Share
Tweet
Good news: Your package has arrived in the States! However, and this is VERY IMPORTANT, due to new laws, you can't pick up your package in the state that is on the label. For example, if you have AL, you can't type Alabama. That's too easy! You must go to another state to claim your package.
Score 0/25 Timer 07:00
1 Play Today
postal code state % Correct
ALALASKA AND CALIFORNIA
94.1%
ARNORTH CAROLINA....
77.6%
MAALABAMA....
71.6%
IALOUISIANA....
70.8%
NENEW JERSEY....
70.8%
INILLINOIS...
70.5%
ORNORTH DAKOTA....
69.2%
MIMISSISSIPPI....
67.1%
COWISCONSIN....
66.5%
LAALASKA....
65.7%
HIOHIO....
65.2%
NDINDIANA....
65%
CANORTH CAROLINA AND SOUTH CAROLINA
60.3%
postal code state % Correct
MOMONTANA AND VERMONT....
59.6%
RIFLORIDA....
57.9%
WAIOWA...
57.5%
VANEVADA AND PENNSYLVANIA
53%
UTCONNECTICUT....
51.2%
AKNORTH DAKOTA AND SOUTH DAKOTA
49%
SCWISCONSIN
46%
WYNEW YORK
43.8%
MENEW MEXICO
42%
IDFLORIDA
40.5%
DERHODE ISLAND
40.2%
GAMICHIGAN
33.9%

You're not logged in!

Compare scores with friends on all Sporcle quizzes.
Join for Free
OR
Log In

You Might Also Like...

Show Comments

Extras

Top Quizzes Today


Score Distribution

Your Account Isn't Verified!

In order to create a playlist on Sporcle, you need to verify the email address you used during registration. Go to your Sporcle Settings to finish the process.

Report this User

Report this user for behavior that violates our Community Guidelines.

Details: